West's business law: Text cases, legal, ethical, international and E-commerce environment (8th edition) (Record no. 61613)
[ view plain ]
| 000 -LEADER | |
|---|---|
| fixed length control field | 00887nam a2200205 a 4500 |
| 008 - FIXED-LENGTH DATA ELEMENTS--GENERAL INFORMATION | |
| fixed length control field | 210309s2001 xx |||||||||||||| || u |
| 020 ## - INTERNATIONAL STANDARD BOOK NUMBER | |
| International Standard Book Number | 0324016611 |
| 050 ## - LIBRARY OF CONGRESS CALL NUMBER | |
| Classification number | KB 115 Cla |
| 100 ## - MAIN ENTRY--PERSONAL NAME | |
| Personal name | Clarkson, Kenneth W |
| 245 10 - TITLE STATEMENT | |
| Title | West's business law: Text cases, legal, ethical, international and E-commerce environment (8th edition) |
| Statement of responsibility, etc. | By Kenneth W. Clarkson; Roger Leroy Miller; Gaylord A. Jentz; Frank B. Cross |
| 250 ## - EDITION STATEMENT | |
| Edition statement | 8th edition |
| 260 ## - PUBLICATION, DISTRIBUTION, ETC. | |
| Place of publication, distribution, etc. | |
| Name of publisher, distributor, etc. | West |
| Date of publication, distribution, etc. | 2001 |
| 300 ## - PHYSICAL DESCRIPTION | |
| Extent | xxix, 1033 pages: illustrations |
| 350 ## - PRICE (NR) (BK AM CF MU VM SE) [OBSOLETE] | |
| Price | 125.16 |
| 650 ## - SUBJECT ADDED ENTRY--TOPICAL TERM | |
| Topical term or geographic name entry element | BUSINESS LAW--UNITED STATES--CASES |
| 650 ## - SUBJECT ADDED ENTRY--TOPICAL TERM | |
| Topical term or geographic name entry element | TRADE REGULATION--UNITED STATES--CASES |
| 650 ## - SUBJECT ADDED ENTRY--TOPICAL TERM | |
| Topical term or geographic name entry element | COMMERCIAL LAW--UNITED STATES--CASES |
| 700 ## - ADDED ENTRY--PERSONAL NAME | |
| Personal name | Miller, Roger LeRoy |
| 995 ## - RECOMMENDATION 995 [LOCAL, UNIMARC FRANCE] | |
| -- | CBU-MAIN LIBRARY (Kitwe) |
| -- | 125.16 |
| -- | 1 |
| -- | AVAILABLE |
| -- | Mar 31, 2021 |
| -- | Main Library Open Access Collection |
| Withdrawn status | Lost status | Source of classification or shelving scheme | Damaged status | Not for loan | Home library | Current library | Shelving location | Date acquired | Total Checkouts | Full call number | Barcode | Date last seen | Price effective from | Koha item type |
|---|---|---|---|---|---|---|---|---|---|---|---|---|---|---|
| CBU-MAIN LIBRARY, KITWE. | CBU-MAIN LIBRARY, KITWE. | 11/30/2022 | KB 115 Cla | 750960 | 11/30/2022 | 11/30/2022 | MONOGRAPH |